00000000nam 2200000zi 4500
0019.947455
003CaOODSP
00520250128131700
006m     o  d f      
007cr |n|||||||||
008250128s1939    onca    o    f000 0 eng d
040 |aCaOODSP|beng|erda|cCaOODSP
043 |an-cn---
0861 |aA52-295/1939E-PDF
0861 |zA51-46E-PDF
1001 |aMuir, George W., |eauthor.
24510|aDivision of Animal Husbandry : |bsummary report for the period April 1, 1930 to December 31, 1936 / |cG. W. Muir.
264 1|aOttawa : |bMinister of Agriculture, |c1939
300 |a1 online resource (50 pages) : |billustrations
336 |atext|btxt|2rdacontent
337 |acomputer|bc|2rdamedia
338 |aonline resource|bcr|2rdacarrier
500 |aDigitized edition from print [provided by Agriculture and Agri-Food Canada].
61015|aCanada. |bAnimal Husbandry Division.
61015|aCanada. |bDivision de la zootechnie.
650 0|aLivestock|zCanada.
650 6|aBétail|zCanada.
7101 |aCanada. |bAnimal Husbandry Division, |eissuing body.
7102 |aDominion Experimental Farms and Stations (Canada), |eissuing body.
85640|qPDF|s11.90 MB|uhttps://publications.gc.ca/collections/collection_2024/aac-aafc/A51-46-1930-eng.pdf